[Event "Liga Madrileña - DH 2016-2017"]
[Site "Madrid ESP"]
[Date "2017.01.22"]
[Round "6.34"]
[White "Cabañas Jimenez, Andres"]
[Black "Gonzalez Rivera, Eduardo"]
[Result "1/2-1/2"]
[WhiteElo "2236"]
[BlackElo "2040"]
[PlyCount "146"]
[EventDate "2016.11.20"]
[EventType "team-tourn"]
[EventRounds "14"]
[EventCountry "ESP"]
[SourceTitle "Ajedrez en Madrid"]
[Source "lmi"]
[SourceDate "2016.11.20"]
[WhiteTeam "64 Villalba"]
[BlackTeam "Moratalaz"]
[WhiteTeamCountry "ESP"]
[BlackTeamCountry "ESP"]

1. e4 e5 2. Nf3 Nc6 3. Bc4 Nf6 4. Ng5 Bc5 5. O-O O-O 6. d3 d6 7. c3 Bg4 8. Nxf7
Rxf7 9. Bxf7+ Kxf7 10. Qb3+ Kf8 11. Qxb7 Ne7 12. b4 Bb6 13. Qa6 Qe8 14. Be3 Qg6
15. g3 Bxe3 16. fxe3 Qh6 17. Re1 Bc8 18. Qa3 Ng4 19. Qb2 Kg8 20. Qe2 Be6 21.
Nd2 Rf8 22. Rf1 Nxe3 23. Rxf8+ Kxf8 24. Re1 Ng4 25. Nf3 Nf6 26. Qf2 Bg4 27. Nh4
a6 28. Ng2 Bh3 29. Ne3 Ke8 30. a3 Qg5 31. Rb1 h5 32. b5 axb5 33. Ng2 Ng4 34.
Qe2 Bxg2 35. Kxg2 h4 36. gxh4 Qxh4 37. h3 Nf6 38. Rxb5 Ng6 39. Kh2 Qf4+ 40. Kg1
Nh4 41. Qf2 Qg5+ 42. Kh2 Qh5 43. Rb2 Ke7 44. a4 Nf3+ 45. Kg2 Ng5 46. Qg3 g6 47.
a5 Ne6 48. a6 Nf4+ 49. Kh2 Qh8 50. a7 Qa8 51. Qe3 Qh8 52. Qg3 Qa8 53. Qe3 Qh8
54. Kg1 Nxh3+ 55. Kf1 Qh5 56. a8=Q Qd1+ 57. Kg2 Nf4+ 58. Qxf4 exf4 59. Qc8 Qxd3
60. Qxc7+ Nd7 61. Qc6 Qg3+ 62. Kf1 Qf3+ 63. Rf2 Qd3+ 64. Kg2 g5 65. Qd5 Qg3+
66. Kf1 Ne5 67. Qb7+ Kf6 68. Qb8 Qd3+ 69. Kg1 Nf7 70. Qb4 Qg3+ 71. Kf1 Qd3+ 72.
Kg1 Qg3+ 73. Kf1 Qd3+ 1/2-1/2

[Event "Liga Madrileña - DH 2016-2017"]
[Site "Madrid ESP"]
[Date "2017.01.22"]
[Round "6.35"]
[White "Garcia Gonzalez, Jesus"]
[Black "Veganzonez Rojo, David"]
[Result "0-1"]
[WhiteElo "2033"]
[BlackElo "2117"]
[PlyCount "52"]
[EventDate "2016.11.20"]
[EventType "team-tourn"]
[EventRounds "14"]
[EventCountry "ESP"]
[SourceTitle "Ajedrez en Madrid"]
[Source "lmi"]
[SourceDate "2016.11.20"]
[WhiteTeam "Moratalaz"]
[BlackTeam "64 Villalba"]
[WhiteTeamCountry "ESP"]
[BlackTeamCountry "ESP"]

1. d4 d5 2. Nf3 Nf6 3. Bf4 c5 4. e3 Nc6 5. c3 Qb6 6. b3 Bf5 7. Bd3 Bxd3 8. Qxd3
e6 9. h3 Be7 10. Nbd2 cxd4 11. exd4 O-O 12. O-O Rac8 13. Ne5 Nxe5 14. dxe5 Nd7
15. c4 Rfd8 16. cxd5 Nc5 17. Qg3 exd5 18. Bg5 Bxg5 19. Qxg5 Ne6 20. Qf5 g6 21.
Qf6 Rc2 22. Nf3 d4 23. h4 h5 24. Rad1 d3 25. Nd2 Qd4 26. Rfe1 Rxa2 0-1

[Event "Liga Madrileña - DH 2016-2017"]
[Site "Madrid ESP"]
[Date "2017.01.22"]
[Round "6.36"]
[White "Pascual Palomo, Lucia"]
[Black "Garcia Ruido, Ricardo"]
[Result "1-0"]
[WhiteElo "2109"]
[BlackElo "2000"]
[PlyCount "95"]
[EventDate "2016.11.20"]
[EventType "team-tourn"]
[EventRounds "14"]
[EventCountry "ESP"]
[SourceTitle "Ajedrez en Madrid"]
[Source "lmi"]
[SourceDate "2016.11.20"]
[WhiteTeam "64 Villalba"]
[BlackTeam "Moratalaz"]
[WhiteTeamCountry "ESP"]
[BlackTeamCountry "ESP"]

1. e4 e5 2. Nf3 Nc6 3. Bc4 Bc5 4. O-O Nf6 5. d3 O-O 6. Bg5 h6 7. Bh4 Be7 8. Re1
d6 9. h3 Na5 10. Nbd2 Nxc4 11. Nxc4 Be6 12. a4 Qd7 13. Bg3 Nh7 14. Ne3 Ng5 15.
Nh4 g6 16. Nd5 Bxd5 17. exd5 Bf6 18. c3 Kh7 19. Nf3 Nxf3+ 20. Qxf3 Bg7 21. Qe3
a6 22. f4 exf4 23. Qxf4 Rae8 24. Qf3 Rxe1+ 25. Bxe1 Re8 26. Bg3 Be5 27. Bh4 g5
28. Bf2 Bg7 29. d4 c6 30. Rf1 f5 31. dxc6 bxc6 32. Qd3 a5 33. g4 Kg8 34. gxf5
d5 35. Bg3 Bf6 36. Qf3 Qb7 37. Qh5 Rf8 38. Qxh6 Qxb2 39. Qg6+ Kh8 40. Be5 Bxe5
41. dxe5 Qxc3 42. Qh6+ Kg8 43. Qxg5+ Kh8 44. Qh6+ Kg8 45. f6 Qd4+ 46. Rf2 Rf7
47. e6 Qa1+ 48. Kg2 1-0

[Event "Liga Madrileña - DH 2016-2017"]
[Site "Madrid ESP"]
[Date "2017.01.22"]
[Round "6.41"]
[White "Valles Moreno, Ivan"]
[Black "Candela Perez, Jose"]
[Result "1-0"]
[WhiteElo "2438"]
[BlackElo "2400"]
[PlyCount "55"]
[EventDate "2016.11.20"]
[EventType "team-tourn"]
[EventRounds "14"]
[EventCountry "ESP"]
[SourceTitle "Ajedrez en Madrid"]
[Source "lmi"]
[SourceDate "2016.11.20"]
[WhiteTeam "Liberty Chess"]
[BlackTeam "La Casa del Ajedrez"]
[WhiteTeamCountry "ESP"]
[BlackTeamCountry "ESP"]

1. e4 c5 2. Nf3 d6 3. d4 cxd4 4. Nxd4 Nf6 5. Nc3 a6 6. Be3 e6 7. Qf3 Nbd7 8.
Be2 Qc7 9. g4 Ne5 10. Qg3 b5 11. g5 Nfd7 12. a3 Bb7 13. O-O-O Rc8 14. h4 Nb6
15. h5 Nbc4 16. f4 Nxb2 17. Ncxb5 axb5 18. fxe5 Nxd1 19. Bxb5+ Kd8 20. Rxd1 d5
21. g6 Bxa3+ 22. Kb1 hxg6 23. hxg6 Qc3 24. Bg5+ Be7 25. gxf7 Bxg5 26. Nxe6+ Ke7
27. Qxg5+ Kxe6 28. Qf5+ 1-0

[Event "Liga Madrileña - DH 2016-2017"]
[Site "Madrid ESP"]
[Date "2017.01.22"]
[Round "6.42"]
[White "Suarez Uriel, Adrian"]
[Black "Perez Gonzalez, Jose Manuel"]
[Result "1-0"]
[WhiteElo "2354"]
[BlackElo "2322"]
[PlyCount "119"]
[EventDate "2016.11.20"]
[EventType "team-tourn"]
[EventRounds "14"]
[EventCountry "ESP"]
[SourceTitle "Ajedrez en Madrid"]
[Source "lmi"]
[SourceDate "2016.11.20"]
[WhiteTeam "La Casa del Ajedrez"]
[BlackTeam "Liberty Chess"]
[WhiteTeamCountry "ESP"]
[BlackTeamCountry "ESP"]

1. e4 c5 2. Nf3 d6 3. d4 cxd4 4. Nxd4 Nf6 5. Nc3 a6 6. h3 e6 7. g4 d5 8. Nde2
Nxe4 9. Nxe4 dxe4 10. Qxd8+ Kxd8 11. Be3 Nd7 12. O-O-O Ke8 13. Ng3 Bc5 14. Nxe4
Bxe3+ 15. fxe3 Nf6 16. Nd6+ Ke7 17. Bg2 Rb8 18. Rhf1 Rd8 19. g5 Rxd6 20. gxf6+
gxf6 21. Rxd6 Kxd6 22. Rxf6 Ke7 23. Rh6 e5 24. Bd5 Bf5 25. h4 b6 26. e4 Bd7 27.
Rxh7 Be6 28. Bxe6 Kxe6 29. Rh6+ f6 30. Rh7 Rd8 31. c3 b5 32. h5 Rd6 33. Rg7 Rd3
34. Ra7 Re3 35. Rxa6+ Kf7 36. a4 bxa4 37. Rxa4 Rh3 38. Ra7+ Ke6 39. Ra6+ Ke7
40. Rc6 Rxh5 41. b4 Rh4 42. b5 Rxe4 43. b6 Re1+ 44. Kb2 Re2+ 45. Ka3 Re1 46.
Kb2 Re2+ 47. Kb3 Re1 48. Kc4 Rb1 49. Kd5 Rd1+ 50. Kc5 Rb1 51. Rc7+ Ke6 52. b7
Kf5 53. Kc6 e4 54. Rc8 e3 55. b8=Q Rxb8 56. Rxb8 Ke4 57. Re8+ Kd3 58. Kd5 f5
59. Ke5 Kxc3 60. Kf4 1-0

[Event "Liga Madrileña - DH 2016-2017"]
[Site "Madrid ESP"]
[Date "2017.01.22"]
[Round "6.43"]
[White "Gallardo Garcia, Andres"]
[Black "Rojo Huerta, Gabriel"]
[Result "1/2-1/2"]
[WhiteElo "2327"]
[BlackElo "2356"]
[PlyCount "36"]
[EventDate "2016.11.20"]
[EventType "team-tourn"]
[EventRounds "14"]
[EventCountry "ESP"]
[SourceTitle "Ajedrez en Madrid"]
[Source "lmi"]
[SourceDate "2016.11.20"]
[WhiteTeam "Liberty Chess"]
[BlackTeam "La Casa del Ajedrez"]
[WhiteTeamCountry "ESP"]
[BlackTeamCountry "ESP"]

1. c4 c5 2. Nf3 Nc6 3. Nc3 e5 4. e3 Nf6 5. Qc2 Be7 6. a3 O-O 7. Bd3 h6 8. b3 d5
9. cxd5 Nxd5 10. Nxd5 Qxd5 11. Be4 Qd6 12. Bb2 Be6 13. O-O Bd5 14. Rfd1 Rac8
15. d3 Rfd8 16. Nd2 Qe6 17. Rac1 b5 18. Qc3 Bf8 1/2-1/2

[Event "Liga Madrileña - DH 2016-2017"]
[Site "Madrid ESP"]
[Date "2017.01.22"]
[Round "6.44"]
[White "Gallego Jimenez, Victoriano"]
[Black "Sanchez Gonzalez, Sergio"]
[Result "1/2-1/2"]
[WhiteElo "2364"]
[BlackElo "2282"]
[PlyCount "56"]
[EventDate "2016.11.20"]
[EventType "team-tourn"]
[EventRounds "14"]
[EventCountry "ESP"]
[SourceTitle "Ajedrez en Madrid"]
[Source "lmi"]
[SourceDate "2016.11.20"]
[WhiteTeam "La Casa del Ajedrez"]
[BlackTeam "Liberty Chess"]
[WhiteTeamCountry "ESP"]
[BlackTeamCountry "ESP"]

1. d4 Nf6 2. Nf3 e6 3. c4 d5 4. g3 dxc4 5. Qa4+ Nbd7 6. Qxc4 a6 7. a4 b5 8. Qb3
b4 9. Bg2 Bb7 10. Nbd2 c5 11. O-O Rc8 12. dxc5 Bxc5 13. Ng5 Bxg2 14. Kxg2 Qc7
15. Nde4 Nxe4 16. Nxe4 Qc6 17. f3 a5 18. Nxc5 Nxc5 19. Qc4 Nd7 20. Qg4 g6 21.
Bh6 Ke7 22. Qg5+ f6 23. Qxa5 g5 24. Bxg5 fxg5 25. Qxg5+ Kf7 26. Qh5+ Ke7 27.
Qg5+ Kf7 28. Qh5+ Ke7 1/2-1/2

[Event "Liga Madrileña - DH 2016-2017"]
[Site "Madrid ESP"]
[Date "2017.01.22"]
[Round "6.45"]
[White "Martin Rueda, Daniel"]
[Black "Guadamuro Torrente, Anabel"]
[Result "1-0"]
[WhiteElo "2292"]
[BlackElo "2130"]
[PlyCount "57"]
[EventDate "2016.11.20"]
[EventType "team-tourn"]
[EventRounds "14"]
[EventCountry "ESP"]
[SourceTitle "Ajedrez en Madrid"]
[Source "lmi"]
[SourceDate "2016.11.20"]
[WhiteTeam "Liberty Chess"]
[BlackTeam "La Casa del Ajedrez"]
[WhiteTeamCountry "ESP"]
[BlackTeamCountry "ESP"]

1. e4 e5 2. Nf3 Nc6 3. Bb5 Nf6 4. d3 d6 5. c3 g6 6. O-O Bg7 7. Re1 O-O 8. d4
Qe7 9. Nbd2 Nb8 10. a4 Nh5 11. b3 exd4 12. cxd4 a6 13. Bf1 Nc6 14. Bb2 Nf4 15.
h3 Qd8 16. Rc1 Nb4 17. Nc4 d5 18. Ba3 c5 19. Nce5 dxe4 20. Rxe4 Nfd5 21. dxc5
Na2 22. Rd4 Nxc1 23. Rxd5 Qc7 24. Qxc1 Be6 25. Rd6 Bxb3 26. Bc4 Bxc4 27. Qxc4
Rad8 28. Qd5 Rfe8 29. Nxf7 1-0

[Event "Liga Madrileña - DH 2016-2017"]
[Site "Madrid ESP"]
[Date "2017.01.22"]
[Round "6.46"]
[White "Collado Barbas, Laura"]
[Black "Pablos Tenrero, Raquel"]
[Result "1-0"]
[WhiteElo "2096"]
[BlackElo "2033"]
[PlyCount "111"]
[EventDate "2016.11.20"]
[EventType "team-tourn"]
[EventRounds "14"]
[EventCountry "ESP"]
[SourceTitle "Ajedrez en Madrid"]
[Source "lmi"]
[SourceDate "2016.11.20"]
[WhiteTeam "La Casa del Ajedrez"]
[BlackTeam "Liberty Chess"]
[WhiteTeamCountry "ESP"]
[BlackTeamCountry "ESP"]

1. d4 Nf6 2. c4 e6 3. Nc3 Bb4 4. Qc2 O-O 5. e4 d5 6. e5 Ne4 7. Bd3 c5 8. Nf3
cxd4 9. Nxd4 Qb6 10. Nf3 Qa5 11. O-O Bxc3 12. bxc3 Bd7 13. a4 h6 14. Ba3 Nc5
15. Bb4 Qc7 16. cxd5 exd5 17. a5 Rc8 18. Rfd1 Be6 19. Bf5 Nba6 20. Bxe6 Nxe6
21. Qf5 Qc4 22. Rab1 Nxb4 23. cxb4 a6 24. g3 Qe4 25. Qxe4 dxe4 26. Nd2 Ng5 27.
h4 Nf3+ 28. Nxf3 exf3 29. Rd3 Re8 30. Re1 Rad8 31. Rxf3 Rd5 32. Rfe3 g5 33.
hxg5 hxg5 34. Re4 Re6 35. f4 gxf4 36. gxf4 Rd2 37. f5 Rh6 38. Rg4+ Kf8 39. e6
fxe6 40. fxe6 Rh7 41. Rc4 Rd8 42. Rf1+ Ke8 43. Rcf4 Rd2 44. Rc1 Rg7+ 45. Kf1
Re7 46. Rf6 Rd6 47. Rc8+ Rd8 48. Rc4 Rd6 49. Re4 Rd2 50. Rh4 Rg7 51. Rhf4 Ke7
52. Rh6 Rd6 53. Re4 Rd2 54. Rc4 Rgg2 55. Rc7+ Kd8 56. e7+ 1-0

[Event "Liga Madrileña - DH 2016-2017"]
[Site "Madrid ESP"]
[Date "2017.01.29"]
[Round "7.11"]
[White "Moreno Ibanez, Miguel"]
[Black "Perez Gonzalez, Jose Manuel"]
[Result "1/2-1/2"]
[WhiteElo "2286"]
[BlackElo "2322"]
[PlyCount "131"]
[EventDate "2016.11.20"]
[EventType "team-tourn"]
[EventRounds "14"]
[EventCountry "ESP"]
[SourceTitle "Ajedrez en Madrid"]
[Source "lmi"]
[SourceDate "2016.11.20"]
[WhiteTeam "Pueblo Nuevo"]
[BlackTeam "Liberty Chess"]
[WhiteTeamCountry "ESP"]
[BlackTeamCountry "ESP"]

1. e4 c5 2. Nf3 g6 3. c4 Nc6 4. d4 cxd4 5. Nxd4 Nf6 6. Nc3 d6 7. Be2 Nxd4 8.
Qxd4 Bg7 9. Be3 O-O 10. Qd2 Be6 11. Rc1 Qa5 12. f3 Rfc8 13. b3 a6 14. Na4 Qxd2+
15. Kxd2 Nd7 16. g4 Rc6 17. h3 Rac8 18. f4 Nc5 19. Nxc5 dxc5 20. Kc2 b6 21.
Rcd1 Rd6 22. Rxd6 exd6 23. Rd1 Bf8 24. Bf2 Re8 25. Bf3 Bc8 26. f5 Bb7 27. Kd3
Be7 28. Bg3 Rd8 29. Ke3 Kf8 30. e5 Bxf3 31. Kxf3 dxe5 32. Rxd8+ Bxd8 33. Bxe5
Ke7 34. Ke4 Kd7 35. Kd5 Bh4 36. Bc3 a5 37. a3 Be7 38. Bg7 Bg5 39. Bb2 Bf4 40.
Bc3 Bd6 41. Bd2 Bf8 42. Bf4 Bg7 43. Bc1 Bc3 44. Be3 Bb2 45. a4 Bc3 46. Bf4 Bd4
47. Bd6 Bc3 48. Bg3 Bd2 49. Be5 Bg5 50. Bg3 Bd2 51. h4 gxf5 52. gxf5 h5 53. Be5
Be1 54. Bf6 Bg3 55. Bg5 Be1 56. Ke5 Bc3+ 57. Kd5 f6 58. Bf4 Be1 59. Bh2 Bxh4
60. Bb8 Bf2 61. Ke4 Bd4 62. Bg3 Be5 63. Bh4 Kd6 64. Ke3 Ke7 65. Ke4 Kd6 66. Be1
1/2-1/2

[Event "Liga Madrileña - DH 2016-2017"]
[Site "Madrid ESP"]
[Date "2017.01.29"]
[Round "7.12"]
[White "Fernandez Garcia, Miguel Angel"]
[Black "Baigorri Navarro, Francisco Javier"]
[Result "1/2-1/2"]
[WhiteElo "2366"]
[BlackElo "2192"]
[PlyCount "175"]
[EventDate "2016.11.20"]
[EventType "team-tourn"]
[EventRounds "14"]
[EventCountry "ESP"]
[SourceTitle "Ajedrez en Madrid"]
[Source "lmi"]
[SourceDate "2016.11.20"]
[WhiteTeam "Liberty Chess"]
[BlackTeam "Pueblo Nuevo"]
[WhiteTeamCountry "ESP"]
[BlackTeamCountry "ESP"]

1. d4 Nf6 2. c4 e6 3. Nf3 d5 4. g3 Bb4+ 5. Bd2 Be7 6. Bg2 O-O 7. O-O c6 8. Qc2
Nbd7 9. Rd1 Ne4 10. Bf4 f5 11. Nc3 Qe8 12. Ne5 Qh5 13. f3 Nxe5 14. Bxe5 Nd6 15.
Bxd6 Bxd6 16. c5 Be7 17. f4 g5 18. e3 Bd7 19. b4 a6 20. Na4 Be8 21. Nb2 Bf6 22.
Qf2 Qh6 23. Bf1 Bh5 24. Rd2 Kh8 25. Na4 Rg8 26. Nb6 Rad8 27. a4 Rg7 28. b5 axb5
29. axb5 Rdg8 30. Rb1 gxf4 31. exf4 Bh4 32. Rb3 Be8 33. bxc6 Bxc6 34. Ra2 Bd8
35. Ra7 Bc7 36. Rf3 Rg4 37. Bg2 Qf6 38. Qe3 h5 39. Ra8 Bb8 40. Ra2 h4 41. Re2
hxg3 42. hxg3 R4g6 43. Kf2 Kg7 44. Re1 Kf7 45. Rh1 Rh8 46. Rxh8 Qxh8 47. Qd2
Bc7 48. Ra3 Qh2 49. Nc8 Rg8 50. Nb6 Rg4 51. Rf3 Qh8 52. Qc3 Rg8 53. Kg1 Bxb6
54. cxb6 Ra8 55. Re3 Ra4 56. Re5 Rc4 57. Qe3 Qf6 58. Bf3 Bd7 59. Bh5+ Kg7 60.
Be2 Rc8 61. Qa3 Qf8 62. Re3 Qxa3 63. Rxa3 Rc6 64. Rb3 Rc1+ 65. Kf2 Kf6 66. g4
fxg4 67. Bxg4 Rc4 68. Ke3 Ba4 69. Rb2 Rc3+ 70. Kd2 Rg3 71. Be2 Kf5 72. Ra2 Bc6
73. Bd3+ Kxf4 74. Ra8 Rg2+ 75. Kc3 Rh2 76. Rf8+ Kg5 77. Rc8 Kf6 78. Rc7 Rh8 79.
Ba6 Rb8 80. Kb4 e5 81. dxe5+ Kxe5 82. Kc5 Ke6 83. Rh7 Rc8 84. Rh6+ Ke5 85. Rh5+
Ke6 86. Rh6+ Ke5 87. Rh5+ Ke6 88. Rh6+ 1/2-1/2

[Event "Liga Madrileña - DH 2016-2017"]
[Site "Madrid ESP"]
[Date "2017.01.29"]
[Round "7.13"]
[White "Iturbide Arnedo, Oscar"]
[Black "Garcia Cuenca, Victor Manuel"]
[Result "0-1"]
[WhiteElo "2182"]
[BlackElo "2339"]
[PlyCount "86"]
[EventDate "2016.11.20"]
[EventType "team-tourn"]
[EventRounds "14"]
[EventCountry "ESP"]
[SourceTitle "Ajedrez en Madrid"]
[Source "lmi"]
[SourceDate "2016.11.20"]
[WhiteTeam "Pueblo Nuevo"]
[BlackTeam "Liberty Chess"]
[WhiteTeamCountry "ESP"]
[BlackTeamCountry "ESP"]

1. e4 c5 2. Nf3 e6 3. d4 cxd4 4. Nxd4 Nf6 5. Nc3 d6 6. g4 h6 7. h3 Nc6 8. Bg2
Nxd4 9. Qxd4 e5 10. Qd3 Be6 11. f4 Qc7 12. Nd5 Bxd5 13. exd5 exf4 14. Bxf4 Be7
15. O-O O-O 16. Be3 Nd7 17. c3 Ne5 18. Qf5 g6 19. Qe4 Bg5 20. Bxg5 hxg5 21. Rf2
Kg7 22. Qd4 f6 23. Bf1 a5 24. b3 Rac8 25. c4 Qc5 26. Rd1 Qxd4 27. Rxd4 f5 28.
Bg2 Rf6 29. a3 b6 30. gxf5 gxf5 31. Bf1 Rcf8 32. Be2 Ng6 33. Rg2 Kh6 34. Bf1
Nh4 35. Rf2 Re8 36. Rd3 Re4 37. Re2 Kg6 38. Rde3 Rd4 39. Re6 Nf3+ 40. Kg2 Ne5
41. R2xe5 dxe5 42. Rxe5 Rd2+ 43. Kg3 Rb2 0-1

[Event "Liga Madrileña - DH 2016-2017"]
[Site "Madrid ESP"]
[Date "2017.01.29"]
[Round "7.14"]
[White "Martin Rueda, Daniel"]
[Black "Barez Menendez, Hector"]
[Result "1/2-1/2"]
[WhiteElo "2292"]
[BlackElo "2142"]
[PlyCount "85"]
[EventDate "2016.11.20"]
[EventType "team-tourn"]
[EventRounds "14"]
[EventCountry "ESP"]
[SourceTitle "Ajedrez en Madrid"]
[Source "lmi"]
[SourceDate "2016.11.20"]
[WhiteTeam "Liberty Chess"]
[BlackTeam "Pueblo Nuevo"]
[WhiteTeamCountry "ESP"]
[BlackTeamCountry "ESP"]

1. d4 d5 2. Nf3 e6 3. c4 Nf6 4. Nc3 Nbd7 5. cxd5 exd5 6. Bg5 c6 7. e3 Be7 8.
Qc2 Nh5 9. Bxe7 Qxe7 10. Be2 g6 11. O-O O-O 12. Rab1 Nb6 13. Bd3 Ng7 14. Rfe1
Bf5 15. e4 dxe4 16. Nxe4 Nd5 17. Qd2 Ne6 18. Nc5 Bxd3 19. Nxd3 Qd6 20. Re4 Rfe8
21. Rbe1 Nf6 22. Rh4 Ng7 23. Re5 Nd7 24. Qh6 Nf8 25. Ng5 f6 26. Ne4 Qd8 27.
Rxe8 Nxe8 28. Nec5 Ng7 29. Re4 b6 30. Nb3 Nf5 31. Qd2 Qd7 32. Qe2 Kf7 33. Nb4
Nd6 34. Re3 a5 35. Nd3 Re8 36. Qf3 Rxe3 37. fxe3 Kg7 38. h3 Ne6 39. Nd2 Ng5 40.
Qf4 Ne6 41. Qf3 Ng5 42. Qf4 Ne6 43. Qf3 1/2-1/2

[Event "Liga Madrileña - DH 2016-2017"]
[Site "Madrid ESP"]
[Date "2017.01.29"]
[Round "7.15"]
[White "Navarro Nicolas, Victor Manuel"]
[Black "Hinojar Diez, David"]
[Result "1-0"]
[WhiteElo "2077"]
[BlackElo "2105"]
[PlyCount "65"]
[EventDate "2016.11.20"]
[EventType "team-tourn"]
[EventRounds "14"]
[EventCountry "ESP"]
[SourceTitle "Ajedrez en Madrid"]
[Source "lmi"]
[SourceDate "2016.11.20"]
[WhiteTeam "Pueblo Nuevo"]
[BlackTeam "Liberty Chess"]
[WhiteTeamCountry "ESP"]
[BlackTeamCountry "ESP"]

1. Nf3 Nf6 2. c4 e6 3. g3 d5 4. Bg2 Nbd7 5. O-O Be7 6. Qc2 O-O 7. d4 c6 8. Nbd2
Re8 9. e4 dxe4 10. Nxe4 Nxe4 11. Qxe4 c5 12. Rd1 cxd4 13. Nxd4 Nc5 14. Qc2 e5
15. Nb5 Qb6 16. Be3 a5 17. Nc3 Be6 18. Nd5 Bxd5 19. Rxd5 Qc7 20. Qf5 Ne6 21.
Rc1 Bf6 22. Be4 Nf8 23. Rb5 Reb8 24. Bc5 Ng6 25. h4 h6 26. h5 Nf8 27. Rd1 Ra6
28. Bxf8 Kxf8 29. Rd7 Qc8 30. Rbd5 g6 31. hxg6 fxg6 32. Qxg6 Be7 33. Qh7 1-0

[Event "Liga Madrileña - DH 2016-2017"]
[Site "Madrid ESP"]
[Date "2017.01.29"]
[Round "7.16"]
[White "Pablos Tenrero, Raquel"]
[Black "Martinez Fresneda, David"]
[Result "0-1"]
[WhiteElo "2033"]
[BlackElo "2090"]
[PlyCount "100"]
[EventDate "2016.11.20"]
[EventType "team-tourn"]
[EventRounds "14"]
[EventCountry "ESP"]
[SourceTitle "Ajedrez en Madrid"]
[Source "lmi"]
[SourceDate "2016.11.20"]
[WhiteTeam "Liberty Chess"]
[BlackTeam "Pueblo Nuevo"]
[WhiteTeamCountry "ESP"]
[BlackTeamCountry "ESP"]

1. e4 Nf6 2. e5 Nd5 3. c4 Nb6 4. d4 d6 5. exd6 exd6 6. Nf3 Bg4 7. b3 Be7 8. Be2
O-O 9. Nc3 Re8 10. O-O Bf6 11. Be3 c6 12. Rc1 d5 13. Qd3 Na6 14. a4 Nb4 15. Qb1
a5 16. c5 Nc8 17. Na2 Nxa2 18. Qxa2 Ne7 19. Qd2 Nf5 20. Rc3 Nh4 21. Qd1 Re4 22.
Rd3 Qd7 23. Ne5 Bxe5 24. f3 Rxe3 25. Rxe3 Bf4 26. Rc3 Bh5 27. Qe1 Nf5 28. Bd3
Bg6 29. Bxf5 Bxf5 30. Qf2 Re8 31. g3 Bc7 32. Rd1 Qe7 33. Rd2 h5 34. Kg2 Qe6 35.
Rc1 g5 36. Rdd1 g4 37. f4 Be4+ 38. Kg1 Qf5 39. Re1 Re6 40. Rc3 h4 41. Kf1 hxg3
42. hxg3 Rh6 43. Ke2 Qh7 44. Kd1 Rh2 45. Qg1 Rg2 46. Qf1 Qh2 47. Re2 Bf3 48.
Rxf3 gxf3 49. Qxf3 Rxe2 50. Qg4+ Kf8 0-1

[Event "Liga Madrileña - DH 2016-2017"]
[Site "Madrid ESP"]
[Date "2017.01.29"]
[Round "7.21"]
[White "Perez Mitjans, Orelvis"]
[Black "Martinez Reyes, Pedro Ramon"]
[Result "0-1"]
[WhiteElo "2432"]
[BlackElo "2371"]
[PlyCount "98"]
[EventDate "2016.11.20"]
[EventType "team-tourn"]
[EventRounds "14"]
[EventCountry "ESP"]
[SourceTitle "Ajedrez en Madrid"]
[Source "lmi"]
[SourceDate "2016.11.20"]
[WhiteTeam "64 Villalba"]
[BlackTeam "Blanco y Negro"]
[WhiteTeamCountry "ESP"]
[BlackTeamCountry "ESP"]

1. e4 e6 2. d4 d5 3. Nc3 Nf6 4. e5 Ne4 5. Nxe4 dxe4 6. Be3 c5 7. dxc5 Nd7 8.
Qg4 Nxc5 9. Bb5+ Nd7 10. O-O-O Qa5 11. Bxd7+ Bxd7 12. Kb1 Qxe5 13. Nh3 h5 14.
Qe2 Qb5 15. c4 Qc6 16. Nf4 O-O-O 17. Nxh5 Bc5 18. g4 Rhg8 19. Rhe1 f5 20. gxf5
exf5 21. Nf4 g5 22. Nd5 Be6 23. b4 Bd6 24. b5 Qe8 25. Nf6 Qf7 26. Nxg8 Qxg8 27.
Bxa7 Be5 28. Bb6 Re8 29. Qd2 Bxc4 30. Rc1 Kb8 31. Re3 Rc8 32. Bd4 Bf4 33. Kb2
Rd8 34. Ba7+ Kxa7 35. Qa5+ Kb8 36. Rxc4 Qd5 37. Ra3 Qd2+ 38. Qxd2 Rxd2+ 39. Rc2
Rd5 40. Rb3 Bxh2 41. a4 Be5+ 42. Ka3 Bd6+ 43. Kb2 Be5+ 44. Kc1 g4 45. a5 f4 46.
a6 Bd4 47. b6 bxa6 48. Rb4 a5 49. Rb3 Rc5 0-1

[Event "Liga Madrileña - DH 2016-2017"]
[Site "Madrid ESP"]
[Date "2017.01.29"]
[Round "7.22"]
[White "Bolado Saez, Sergio"]
[Black "Nayhebaver, Martin"]
[Result "1/2-1/2"]
[WhiteElo "2370"]
[BlackElo "2437"]
[PlyCount "75"]
[EventDate "2016.11.20"]
[EventType "team-tourn"]
[EventRounds "14"]
[EventCountry "ESP"]
[SourceTitle "Ajedrez en Madrid"]
[Source "lmi"]
[SourceDate "2016.11.20"]
[WhiteTeam "Blanco y Negro"]
[BlackTeam "64 Villalba"]
[WhiteTeamCountry "ESP"]
[BlackTeamCountry "ESP"]

1. d4 Nf6 2. c4 e6 3. Nf3 b6 4. Nc3 Bb7 5. Qc2 Bb4 6. Bd2 O-O 7. O-O-O Bxc3 8.
Bxc3 Be4 9. Qa4 d5 10. Ne5 c6 11. f3 Bg6 12. Nxg6 hxg6 13. e3 a5 14. Kb1 dxc4
15. Qxc4 b5 16. Qd3 Nbd7 17. e4 Qb6 18. Bd2 Rfd8 19. Be3 Qb7 20. Be2 Nb6 21.
Qc2 a4 22. Rc1 Rac8 23. a3 Nbd7 24. Qc3 Nb8 25. Rc2 Rd7 26. Rhc1 Ne8 27. h4 f5
28. Qc5 Qc7 29. Bxb5 fxe4 30. Bc4 Re7 31. Bf4 Qd7 32. Bg5 Rf7 33. Qe5 Nc7 34.
fxe4 Re8 35. Bf4 Nd5 36. Bg5 Nc7 37. Be3 Nd5 38. Bg5 1/2-1/2

[Event "Liga Madrileña - DH 2016-2017"]
[Site "Madrid ESP"]
[Date "2017.01.29"]
[Round "7.23"]
[White "Longa Yauca, Javier"]
[Black "Beltran de Heredia Eguiaz, Miguel Angel"]
[Result "1-0"]
[WhiteElo "2353"]
[BlackElo "2224"]
[PlyCount "135"]
[EventDate "2016.11.20"]
[EventType "team-tourn"]
[EventRounds "14"]
[EventCountry "ESP"]
[SourceTitle "Ajedrez en Madrid"]
[Source "lmi"]
[SourceDate "2016.11.20"]
[WhiteTeam "64 Villalba"]
[BlackTeam "Blanco y Negro"]
[WhiteTeamCountry "ESP"]
[BlackTeamCountry "ESP"]

1. d4 Nf6 2. Nf3 g6 3. b3 Bg7 4. Bb2 d6 5. Nbd2 O-O 6. e4 Nbd7 7. Bd3 e5 8. c3
Re8 9. d5 a5 10. Qe2 Nh5 11. g3 f5 12. O-O-O Nc5 13. Bc2 Nf6 14. exf5 gxf5 15.
Nh4 e4 16. Nc4 Bh6+ 17. Kb1 Bd7 18. Ne3 Bxe3 19. Qxe3 Ng4 20. Qf4 Rf8 21. c4
Qe7 22. h3 Ne5 23. Rhe1 a4 24. f3 axb3 25. axb3 b5 26. cxb5 Rab8 27. Re3 Rxb5
28. Rde1 Qg7 29. Rf1 Rbb8 30. Rf2 Na4 31. Ba1 Nb6 32. Re1 Nxd5 33. Qd2 Nb4 34.
f4 Nc4 35. Qc1 Qf7 36. g4 Nxc2 37. Kxc2 e3 38. Rxe3 Nxe3+ 39. Qxe3 Qd5 40. Qc3
Qc5 41. Qxc5 dxc5 42. Be5 fxg4 43. hxg4 c4 44. bxc4 Ba4+ 45. Kc3 Rb3+ 46. Kd4
c5+ 47. Kxc5 Rc8+ 48. Kd4 Rb4 49. Nf5 Rcxc4+ 50. Kd5 Bc6+ 51. Ke6 Rb6 52. Nd6
Ra4 53. Rh2 Be8 54. Rc2 Bc6 55. g5 Ra8 56. Rh2 Be8 57. f5 Bf7+ 58. Ke7 Ra7+ 59.
Kf6 Bd5 60. g6 Rd7 61. Rd2 Bb3 62. Rd4 hxg6 63. fxg6 Ra7 64. Rh4 Bc2 65. Rc4
Bxg6 66. Kxg6 Rg7+ 67. Bxg7 Rxd6+ 68. Bf6 1-0